000 00292nam a22001337a 4500
008 170719b xxu||||| |||| 00| 0 eng d
020 _a020154019300130000000013
041 _aeng
080 _a2
100 _a24
101 _aTEO
245 _aCOVERING ISLAM
_cSAID, E.W
942 _2udc
_cBK
999 _c21592
_d21592